| 000 | 00470cam a2200169 a 4500 | ||
|---|---|---|---|
| 020 | _a0256119198 | ||
| 040 | _cDLC | ||
| 082 | 0 | 0 | _a621 IRW 1996 A046 Or. |
| 100 | 1 | _aNeamen, Donald A. | |
| 245 | 1 | 0 | _aElectronic circuit analysis and design / |
| 260 |
_aChicago : _bIrwin, _cc1996. |
||
| 300 |
_axxvii, 1128 p. : _bill. (some col.) ; _c26 cm. |
||
| 650 | 0 | _aElectronic circuit design. | |
| 650 | 0 | _aSemiconductors | |
| 650 | 0 | _aElectronic circuit design. | |
| 942 | _cEK | ||
| 999 |
_c13565 _d13565 |
||